Normal view
MARC view
Entry Personal Name
001 - CONTROL NUMBER
- control field: 84412
003 - CONTROL NUMBER IDENTIFIER
- control field: dpl
005 - DATE AND TIME OF LATEST TRANSACTION
- control field: 20250828112524.0
008 - FIXED-LENGTH DATA ELEMENTS
- fixed length control field: 250828|| aca||aabn | a|a d
040 ## - CATALOGING SOURCE
- Original cataloging agency: dpl
- Transcribing agency: dpl
100 ## - HEADING--PERSONAL NAME
- Personal name: Ahir,rajiv
670 ## - SOURCE DATA FOUND
- Source citation: Work cat.: (dpl)209562: Ahir,rajiv, A brief history of Modern India /, 2024
